000
00217nam a22000977a 4500
999
_c
15825
_d
15825
003
OSt
008
191022b ||||| |||| 00| 0 eng d
100
_a
Vivekanandan,G
_9
4333
245
_a
Ulkandayude Nimisham
942
_c
BK